Απομνημονεύματα

Αποθηκεύτηκε σε:
Λεπτομέρειες βιβλιογραφικής εγγραφής
Κύριος συγγραφέας: Ραγκαβής, Αλέξανδρος Ρίζος, 1809-1892
Μορφή: Βιβλίο
Γλώσσα:Greek
Δημοσίευση: Εν Αθήναις : Γεώργιος Κασδόνης, Βιβλιοπωλείον της Εστίας, 1894-1895
Θέματα:
Διαθέσιμο Online:http://hdl.handle.net/11610/16481
Ετικέτες: Προσθήκη ετικέτας
Δεν υπάρχουν, Καταχωρήστε ετικέτα πρώτοι!

MARC

LEADER 00000cam a2200000 i 4500
001 1/30495
008 130529m18941895 gre d
035 |l 10114570 
040 |a GR-MY-UA  |b gre  |e aacr 
041 0 |a gre 
082 0 |a 920  |2 (22) 
100 1 |a Ραγκαβής, Αλέξανδρος Ρίζος,   |d 1809-1892. 
245 1 0 |a Απομνημονεύματα /  |c Αλέξανδρου Ρ. Ραγκαβή 
260 |a Εν Αθήναις :   |b Γεώργιος Κασδόνης,   |b Βιβλιοπωλείον της Εστίας,   |c 1894-1895 
300 |a 2 τ.;  |c 20 εκ. 
500 |a Yπάρχει ψηφιακό αντίγραφο.  
500 |a Στο verso υπάρχει ετικέτα "Πόνος και επιμέλεια του διευθυντού τη Πορφυριάδι Σχολή 1898-1899." Στο recto υπάρχει σφραγίδα της Πορφυριάς Αστικής Σχολής Καρλοβασίων. με αρ. 1157 & 1158. 
600 1 0 |a Ραγκαβής, Αλέξανδρος Ρίζος,   |d 1809-1892. 
650 0 0 |a Authors, Greek (Modern)  |y 19th century  |x Biography. 
852 |a INST  |b SAMOS  |c PORFYRIADA  |e 20141105  |h 920 ΡΑΓ  |p 005300037127  |q 005300037127  |t NOLOAN  |y 23  |z τ.2 
852 |a INST  |b SAMOS  |c PORFYRIADA  |e 20130529  |h 920 ΡΑΓ  |p 005300040114  |q 005300040114  |t NOLOAN  |y 23  |z τ.1 
852 |a INST  |b SAMOS  |c PORFYRIADA  |e 20141105  |h 920 ΡΑΓ  |p 005300037127  |q 005300037127  |t NOLOAN  |v τ.2:  |y 23  |z τ.2 
852 |a INST  |b SAMOS  |c PORFYRIADA  |e 20130529  |h 920 ΡΑΓ  |p 005300040114  |q 005300040114  |t NOLOAN  |v τ.1:  |y 23  |z τ.1 
853 |a INST  |b SAMOS  |c PORFYRIADA  |h 920 ΡΑΓ 
856 |u http://hdl.handle.net/11610/16481 
901 |a BIBL3-2014-3 
901 |a BIBL3-2013-2 
909 |a Σ  |b 185279 
909 |a Σ  |b 178340 
970 |a ΚΟΣΙΕΡΗΣ  |b ΧΡΗΣΤΟΣ  |z 2013/05/29